| 000 | 00677nam a2200229Ia 4500 | ||
|---|---|---|---|
| 003 | GCL | ||
| 008 | 140319s9999 xx 000 0 ara d | ||
| 040 |
_aGCL / _cGCL |
||
| 082 | 0 | 4 |
_a811.3 _bج د |
| 100 | 1 | _aيوسف عيد | |
| 245 | 1 | 0 |
_aديوان العذريين / _cيوسف عيد |
| 700 | 1 | _aجميل بثينة، جميل بن عبد الله | |
| 700 | 1 | _aقيس بن ذريح | |
| 700 | 1 | _aقيس ابن الملوح | |
| 300 | _a416 ص | ||
| 490 | _a | ||
| 650 | 0 | 4 | _aالشعر العربى |
| 650 | 0 | 4 | _aالشعر الوصفى |
| 650 | 0 | 4 | _aالشعر الغزلى |
| 650 | 0 | 4 | _aالشعر العربى - دواوين وقصائد |
| 942 |
_2ddc _cBK |
||
| 999 |
_c38807 _d38807 |
||